000 00694nam a2200241Ia 4500
003 OSt
005 20220928130422.0
006 a|||||r|||| 00| 0
007 ta
008 220927b |||||||| |||| 00| 0 eng d
024 _a32179
037 _cTextual
040 _aSDCL
_cSDCL
_beng
041 _2eng
_aeng
082 _aQ22:222, N1
100 _aUpadhayayae Baldev
_9473908
245 0 _aVaishnav purano mein Srishti-varnan.
260 _aBihar
_bAbhimanyu Prakashan
_c1991
300 _axxi,174p.
_ccm.
700 _a Upadhayayae Ramesh Kumar
_9473909
942 _hQ22:222, N1
_cTEXL
_2CC
999 _c786509
_d786509